The flat trap (Record no. 79924)

MARC details
000 -LEADER
fixed length control field 01189cab a22002055a 4500
001 - CONTROL NUMBER
control field L142729
008 - FIXED-LENGTH DATA ELEMENTS--GENERAL INFORMATION
fixed length control field 080304e20080228xxke f 000 0 eng d
035 ## - SYSTEM CONTROL NUMBER
System control number (Sirsi) u142729
041 0# - LANGUAGE CODE
Language code of text/sound track or separate title eng
100 1# - MAIN ENTRY--PERSONAL NAME
Personal name Minton, Anna
245 04 - TITLE STATEMENT
Title The flat trap
260 ## - PUBLICATION, DISTRIBUTION, ETC.
Date of publication, distribution, etc. 2008
490 #0 - SERIES STATEMENT
Series statement Architects' Journal
Volume/sequential designation 227(8) 28 February 2008, 28-31(4)
520 ## - SUMMARY, ETC.
Summary, etc. Discusses the problems caused by the surge in one and two bedroom flats in British cities. Between 1997 and 2007 there was a 300% rise in the number of flats built, and in 2007 apartments accounted for 48% of all new housing starts. However, large numbers of flats are now empty. Suggests this is because the majority of apartments are small (one or two bedroom) and only appeal to mostly single professionals. Argues that apartments should also provide family housing, and that lettings policy should be reviewed to prevent buy-to-let and buy-to-leave undermining new communities. Contains nine apartment plans dating from 1927 to 2008.
590 ## - LOCAL NOTE (RLIN)
Local note KA
651 #4 - SUBJECT ADDED ENTRY--GEOGRAPHIC NAME
Geographic name United Kingdom
Chronological subdivision
690 ## - LOCAL SUBJECT ADDED ENTRY--TOPICAL TERM (OCLC, RLIN)
Topical term or geographic name as entry element BUILT ENVIRONMENT-CONSTRUCTION DESIGN
690 ## - LOCAL SUBJECT ADDED ENTRY--TOPICAL TERM (OCLC, RLIN)
Topical term or geographic name as entry element PROPERTY-RESIDENTIAL PROPERTY-RESIDENTIAL PROPERTY DEVELOPMENT
942 ## - ADDED ENTRY ELEMENTS (KOHA)
Suppress in OPAC 0
Holdings
Withdrawn status Lost status Source of classification or shelving scheme Damaged status Not for loan Home library Current library Shelving location Date acquired Total Checkouts Full call number Barcode Date last seen Copy number Price effective from Koha item type
    Dewey Decimal Classification     London London Journal article 04/03/2008   L142729 142729-1001 06/08/2019 1 06/08/2019 Journal article